Sports Quiz

Random Sports or NBA Quiz

Top 20 NBA point leaders of all time Quiz Stats

Quiz not verified by Sporcle

Challenge
Share
Tweet
Embed
Score 0/20 Timer 05:00
0 Plays Today
Points Player % Correct
32,482Kobe Bryant
98.8%
38,387Kareem Abdul-Jabbar
96.4%
32,292Michael Jordan
96.4%
36,928Karl Malone
95.2%
27,409Moses Malone
94%
31,419Wilt Chamberlain
92.8%
28,596Shaquille O'Neal
92.8%
24,913LeBron James
86.7%
26,946Hakeem Olajuwon
84.3%
28,119Dirk Nowitzki
81.9%
Points Player % Correct
25,974Tim Duncan
80.7%
25,899Paul Pierce
77.1%
25,192Jerry West
77.1%
25,949Kevin Garnett
72.3%
26,710Oscar Robertson
69.9%
26,395John Havlicek
69.9%
27,409Elvin Hayes
59%
26,668Dominique Wilkins
56.6%
25,613Alex English
56.6%
25,279Reggie Miller
56.6%

You're not logged in!

Compare scores with friends on all Sporcle quizzes.
Sign Up with Email
OR
Log In

You Might Also Like...

Show Comments

Extras

Top Quizzes Today


Score Distribution

Your Account Isn't Verified!

In order to create a playlist on Sporcle, you need to verify the email address you used during registration. Go to your Sporcle Settings to finish the process.